নৃতত্ত্ব / (Record no. 39994)
[ view plain ]
| 000 -LEADER | |
|---|---|
| fixed length control field | 00764nam a2200229 a 4500 |
| 001 - CONTROL NUMBER | |
| control field | 39994 |
| 003 - CONTROL NUMBER IDENTIFIER | |
| rucl marc code | BD-RjUL |
| 005 - DATE AND TIME OF LATEST TRANSACTION | |
| control field | 20211209053120.0 |
| 008 - FIXED-LENGTH DATA ELEMENTS--GENERAL INFORMATION | |
| fixed length control field | 160420s1982 bg a|||| |||| 00| 0 ben d |
| 020 ## - INTERNATIONAL STANDARD BOOK NUMBER | |
| Terms of availability | : Tk. 25.00 |
| 035 ## - SYSTEM CONTROL NUMBER | |
| System control number | (BD-RjUL)40108 |
| 040 ## - CATALOGING SOURCE | |
| Original cataloging agency | BD-RjUL |
| Language of cataloging | ben |
| Transcribing agency | BD-RjUL |
| 041 ## - LANGUAGE CODE | |
| Language code of text/sound track or separate title | ben |
| 082 ## - DEWEY DECIMAL CLASSIFICATION NUMBER | |
| Edition number | 23 |
| Classification number | 301 |
| Author mark and year | SAN 1982 |
| 100 ## - MAIN ENTRY--PERSONAL NAME | |
| Personal name | সামাদ, এবনে গোলাম |
| 9 (RLIN) | 122847 |
| 245 10 - TITLE STATEMENT | |
| Title | নৃতত্ত্ব / |
| Statement of responsibility, etc. | এবনে গোলাম সামাদ |
| 260 ## - PUBLICATION, DISTRIBUTION, ETC. (IMPRINT) | |
| Place of publication, distribution, etc. | ঢাকা : |
| Name of publisher, distributor, etc. | বাংলা একাডেমী, |
| Date of publication, distribution, etc. | ১৯৮২ |
| 300 ## - PHYSICAL DESCRIPTION | |
| Pagination | [৪] ১৮৯ পৃ. : |
| Illustrations | চিত্র. ; |
| Size | ২৩ সেমি. |
| 650 ## - SUBJECT ADDED ENTRY--TOPICAL TERM | |
| Topical term or geographic name as entry element | নৃতত্ত্ব |
| 9 (RLIN) | 121539 |
| Topical term or geographic name as entry element | Anthropology |
| 9 (RLIN) | 123185 |
| 942 ## - ADDED ENTRY ELEMENTS (KOHA) | |
| Source of classification or shelving scheme | Dewey Decimal Classification |
| Koha item type | Books |
| Lost status | Source of classification or shelving scheme | Damaged status | Not for loan | Collection code | Permanent Location | Current Location | Shelving location | Date acquired | Source of acquisition | Cost, normal purchase price | Total Checkouts | Full call number | Date last seen | Copy number | Koha item type | Date checked out |
|---|---|---|---|---|---|---|---|---|---|---|---|---|---|---|---|---|
| Dewey Decimal Classification | Not For Loan | Non-fiction | Central Library, University of Rajshahi | Central Library, University of Rajshahi | Reading Room | 16/06/1982 | Aligar Library, Rajshahi | 25.00 | B 301 SAN 1982 | 20/04/2016 | C-1 | Books | ||||
| Dewey Decimal Classification | Non-fiction | Central Library, University of Rajshahi | Central Library, University of Rajshahi | 16/06/1982 | Aligar Library, Rajshahi | 25.00 | B 301 SAN 1982 | 02/07/2016 | C-2 | Books | ||||||
| Dewey Decimal Classification | Non-fiction | Central Library, University of Rajshahi | Central Library, University of Rajshahi | 12/06/1968 | Nowroz kitabisthan | 2.00 | 1 | B 301 SAN 1967 | 17/07/2025 | C-3 | Books | 15/07/2025 |